It looks like you're offline.
Open Library logo
additional options menu

MARC record from Internet Archive

LEADER: 01101cam 2200325Ma 4500
001 ocn262596967
003 OCoLC
005 20101216164540.0
008 050607s2002 caua 001 0 eng d
040 $aAMAUA$cAMAUA$dHEBIS
016 7 $a97401544X$2DE-101
020 $a0130819344 (v.2)
020 $a9780130819345 (v.2)
035 $a(OCoLC)262596967
100 1 $aHorstmann, Cay S.
245 10 $aCore Java 2 /$cby Cay S. Horstmann, Gary Cornell.
260 $aPalo Alto, Calif. :$bSun Microsystems, Inc.,$cc2002.
300 $a2 v. :$bill. ;$c24 cm. +$e1 computer laser optical disc.
440 4 $aThe Sun Microsystems Press Java Series.
500 $aIncludes index.
500 $aTitle on cover : Covers J2SE Version 1.3/1.4.
500 $aIncludes CD : "Core Java 2, Vol. 2 - Advanced features (AUA-PL-0017781)".
505 0 $av.2. Advanced features.
650 0 $aJava (Computer program language).
650 07 $aJava 2.$2swd
700 1 $aCornell, Gary.
740 0 $aAdvanced features.
029 1 $aHEBIS$b099566680
994 $aZ0$bPMR
948 $hNO HOLDINGS IN PMR - 9 OTHER HOLDINGS